Welcome to the Holygrace Academy Library

Please use search bar below to get started

THE DECEMBER BOYS (Record no. 3620)

MARC details
000 -LEADER
fixed length control field 00711nam a22001457a 4500
020 ## - INTERNATIONAL STANDARD BOOK NUMBER
ISBN 978-1-84647-047-9
082 ## - DEWEY DECIMAL CLASSIFICATION NUMBER
Classification number 833
Item number NOO/D
100 ## - MAIN ENTRY--AUTHOR NAME
Personal name NOONAN, MICHAEL
245 ## - TITLE STATEMENT
Title THE DECEMBER BOYS
260 ## - PUBLICATION, DISTRIBUTION, ETC. (IMPRINT)
Place of publication LONDON
Name of publisher CATNIP
Year of publication 2007
300 ## - PHYSICAL DESCRIPTION
Number of Pages 238
520 ## - SUMMARY, ETC.
Summary, etc For many years, four teenage orphans at an Australian outback convent have watched their younger comrades find new parents, and realize that they may never be adopted. The Reverend Mother sends the four boys away on a seaside vacation, where they meet Teresa and Fearless, a couple who would make perfect parents. The youths compete with one another to be the one Teresa and Fearless decide to adopt.
650 ## - SUBJECT ADDED ENTRY--TOPICAL TERM
Topical Term NOVEL
Geographic subdivision UNITED KINGDOM
942 ## - ADDED ENTRY ELEMENTS (KOHA)
Koha item type Books
Holdings
Withdrawn status Lost status Collection code Home library Current library Shelving location Date acquired Source of acquisition Full call number Accession Number Koha item type
    Fiction Main Library Main Library SHELF-14-I- ALPHABETICAL N,O --ENGLISH NOVELS & FICTIONS 20/03/2014 purchase 833 NOO/D 07989 Books